Ekonomický výhľad Slovenskej republiky

Ekonomický ústav SAV v decembri 1993 uskutočnil anketový prieskum na tému "Ako vidíte ekonomické perspektívy SR". Zmapovanie názorov špičkových ekonomických expertov. Anketové otázky sa týkali vývoja: HDP, kurzu SKK, rastu spotrebiteľských cien, miery nezamestnanosti, zahraničného obchodu, štátneho...

Descripción completa

Guardado en:
Detalles Bibliográficos
Formato: Capítulo de libro
Lenguaje:eslovaco
Materias:
Etiquetas: Agregar Etiqueta
Sin Etiquetas, Sea el primero en etiquetar este registro!

MARC

LEADER 00000naa a2200000 4500
001 r015156
005 20221205090129.4
041 0 |a slo 
044 |a SK 
245 1 0 |a Ekonomický výhľad Slovenskej republiky 
520 |a Ekonomický ústav SAV v decembri 1993 uskutočnil anketový prieskum na tému "Ako vidíte ekonomické perspektívy SR". Zmapovanie názorov špičkových ekonomických expertov. Anketové otázky sa týkali vývoja: HDP, kurzu SKK, rastu spotrebiteľských cien, miery nezamestnanosti, zahraničného obchodu, štátneho rozpočtu, úspor, investícií, spotreby a úrokovej miery, zahraničného kapitálu, problémy slovenskej ekonomiky, oživenie slovenskej ekonomiky, stabilizácia podnikovej sféry, opatrenia očakávané v 1. polroku 1994. 
610 2 0 |a hospodárstvo národné 
610 2 0 |a Slovensko 
610 2 0 |a ankety 
610 2 0 |a produkt domáci hrubý 
610 2 0 |a kurz menový 
610 2 0 |a ceny 
610 2 0 |a nezamestnanosť 
610 2 0 |a obchod zahraničný 
610 2 0 |a rozpočet štátny 
610 2 0 |a úspory 
610 2 0 |a investície 
610 2 0 |a spotreba 
610 2 0 |a miera úroková 
610 2 0 |a kapitál zahraničný